• 首页
  • 本馆介绍
  • 公告通知
  • 最新文献
  • 馆藏检索
  • 电子资源
  • 读者导购
  • 参考咨询
  • 我的图书馆
  • 登录
  • 详细信息显示
  • 放入我的书架
  • 预约/预借图书
  • 作者相关作品
  • 分类相关作品
  • 丛书相关作品
  • 出版社相关作品

书目信息

  • 表格格式
  • 工作单格式
  • 卡片格式
题名:
商鞅评传
    
 
作者: 郑良树 著
分册:  
出版信息: 南京   南京大学出版社  2011.4
页数: 332页
开本: 23cm
丛书名: 中国思想家评传丛书
单 册:
中图分类: B226.25
科图分类:
主题词:
电子资源:
ISBN: 978-7-305-05902-5
000 00915oam2 2200265 45
001 515
005 20120531152419.17
010    @a978-7-305-05902-5@dCNY43.00
100    @a20120328d2011 em y0chiy50 ea
101 0  @achi@deng@eeng
102    @aCN@b320000
105    @ay z 001yd
106    @ar
200 1  @a商鞅评传@AShang Yang Ping Chuan@f郑良树著@FZheng Liang Shu Zhu
210    @a南京@c南京大学出版社@d2011.4
215    @a332页@d23cm
225 2  @a中国思想家评传丛书@e典藏版
330    @a商鞅是先秦法家中能够登上政治舞台,并且充分发挥自己才干实现自己理想的少数人物之一。本书共分十一章,内容包括:战国的社会和文化、秦斩特殊背景和发展趋势等。
461  0 @12001 @a中国思想家评传丛书
600  0 @a商鞅@f(约前390~前338)@x评传
600  0 @a商鞅@f(约前390~前338)
690    @aB226.25@v4
701  0 @a郑良树@AZheng Liang Shu@4著
801  0 @aCN@bTSTCL@c20120328
905    @b0814895-97@dB226.25@e403@f3
    
    商鞅评传/郑良树著.-南京:南京大学出版社,2011.4
    332页;23cm.-(中国思想家评传丛书:典藏版)
    
    
    ISBN 978-7-305-05902-5:CNY43.00
    商鞅是先秦法家中能够登上政治舞台,并且充分发挥自己才干实现自己理想的少数人物之一。本书共分十一章,内容包括:战国的社会和文化、秦斩特殊背景和发展趋势等。
●
相关链接 在E读中查询图书 在五车中查询图书 在当当中查询图书 在豆瓣中查询图书


正题名:商鞅评传     索取号:B226.25/403         预约/预借

序号 登录号 条形码 馆藏地/架位号 状态 备注
1 0814895   208148958   第一样本阅览室/ [索取号:B226.25/403] 在馆    
2 0814896   208148967   第一借阅区/ [索取号:B226.25/403] 在馆    
3 0814897   208148976   第一借阅区/ [索取号:B226.25/403] 在馆    
唐山师范学院图书馆 欢迎您!
大连网信软件有限公司© 版权所有